| 000 | 00644nam a22001817a 4500 | ||
|---|---|---|---|
| 005 | 20180327105949.0 | ||
| 010 | _aENG-122408 | ||
| 020 |
_c295.00 _a9789387067004 |
||
| 035 | _aEN-105940 | ||
| 037 | _bDBAD/PUB | ||
| 082 | _a530 | ||
| 100 | _aBahety, Sanjay K. | ||
| 245 |
_aConcepts of modern physics for IIT-JEE main and advanced / _cby Sanjay K. Bahety |
||
| 260 |
_aChennai _bMcGraw Hill Education (India) Private Limited _c2017 |
||
| 270 |
_bChennai, Tamil Nadu _e600116 _a444/1, Sri Ekambara Naicker Industrial Estate, Alapakkam, Porur, |
||
| 300 |
_avarious pages. _c24cm.(pbk) _bill. |
||
| 942 |
_2ddc _cEN _mBAH _h530 |
||
| 999 |
_c150563 _d150563 |
||